El método global analítico. ventajas de su aplicación /
Guardado en:
| Autor Principal: | |
|---|---|
| Formato: | Libro |
| Publicado: |
Buenos Aires :
Kapelusz,
1977
|
| Series: | Cuadernos Pedagógicos, 2
|
| Materias: | |
| Etiquetas: |
Agregar Etiqueta
Sin Etiquetas, Sea el primero en etiquetar este registro!
|
| LEADER | 00669nam a22002175a 4500 | ||
|---|---|---|---|
| 001 | CEM.cems002528 | ||
| 005 | 20060222000000.0 | ||
| 008 | 130507s1977##################000#0#####d | ||
| 003 | CEMS | ||
| 082 | 0 | 4 | |a 372.4 |
| 100 | 1 | |a Fischer, Rosa | |
| 245 | 1 | 0 | |a El método global analítico. ventajas de su aplicación / |
| 260 | |a Buenos Aires : |b Kapelusz, |c 1977 | ||
| 300 | |a 46 p. | ||
| 490 | 0 | |a Cuadernos Pedagógicos, 2 | |
| 653 | |a Educacion | ||
| 653 | |a Educacion primaria | ||
| 653 | |a Estudio dirigido | ||
| 653 | |a Lectura-enseñanza | ||
| 859 | |a CEMS |b BIB. CEMS - 11 de abril |h 372.4 |i F528 |p 9815.81 |t Ej.1 | ||
| 859 | |a CEMS |b BIB. CEMS - 11 de abril |h 372.4 |i F528 |p 9816.81 |t Ej.2 | ||
